Score 0/12 Timer 04:00
1 Play Today
% Correct
Car
94.6%
Talk
88.3%
Vegetables
87.5%
You
84.5%
Down
82.7%
War
76.2%
Soldiers
67.6%
Tool
60.2%
Pay
54.8%
Ration
40.2%
Fats
25.5%
Navy
16.9%
Remove Ads.
Support Sporcle.
Get the best of Sporcle when you Go Orange. This ad-free experience offers more features, more stats, and more fun while also helping to support Sporcle. Thank you for becoming a member.

You're not logged in!

Compare scores with friends on all Sporcle quizzes.
OR
Log In

Show Comments

Extras

Top Quizzes Today


Score Distribution

Your Account Isn't Verified!

In order to create a playlist on Sporcle, you need to verify the email address you used during registration. Go to your Sporcle Settings to finish the process.

Report this User

Report this user for behavior that violates our Community Guidelines.

Details: